Traités Européens - Statistiques

Statistiques générales
  • Ce quiz a été pris 39 fois
  • Le résultat moyen est 4 sur 5
Statistiques - réponses
Traité Date % Correct
CEE et CEEA, Traité de Rome 1957
97%
Création de l'UE, Maastricht 1992
94%
Traité de Lisbonne 2007
94%
CECA, Traité de Paris 1951
84%
Acte unique européen 1986
78%
Aucun quiz correspondant
Distribution des résultats
% des personnes avec chaque résultat
Percentile par nombre de réponses
Votre historique - résultats
Vous n’avez pas pris ce quiz